| 000 | 00601nam a2200169 a 4500 | ||
|---|---|---|---|
| 008 | 140916s1983 ||||||||||||||||| || u | ||
| 050 | _aFAO(02)1983/1 | ||
| 100 | _aZaman, A | ||
| 245 | 1 | 2 |
_aA report on social economic survey of west Khawlan Yemen Arab Republic _cA. Zaman |
| 260 |
_aRome _c1983 |
||
| 300 | _aiii, 135p.: ill. | ||
| 650 | _aLABOUR | ||
| 650 | _aDEVELOPMENT--PARTICIPATION | ||
| 650 | _aRURAL DEVELOPMENT--EDUCATION | ||
| 650 | _aEMPLOYMENT | ||
| 995 |
_FCBU-MAIN LIBRARY (Kitwe) _UAVAILABLE _WSep 17, 2014 _ZInternational Publications |
||
| 999 |
_c56198 _d56198 |
||